000 00339nam a2200145Ia 4500
008 150201s2012 xx 000 0 und d
082 _a610
_bP12M
100 _aMEHTA , P.J.
245 _aPRACTICAL MEDICINE
250 _a19TH
260 _bTHE NATINOAL BOOK
_aDELHI
_c2012
300 _a1-556
650 _aMEDICINE
942 _2ddc
_cBK
_049
999 _c1459
_d1459